| Tag |
First Indicator |
Second Indicator |
Subfields |
| LEADER |
00000cgm a22000001i 4500 |
| 001 |
in00003585331 |
| 006 |
m o c |
| 007 |
vz uzazuu |
| 007 |
cr una---unuuu |
| 008 |
141003p20142001cau046 o vleng d |
| 005 |
20260324170713.5 |
| 028 |
5 |
2 |
|a 1116099
|b Kanopy
|
| 035 |
|
|
|a (OCoLC)897773619
|
| 035 |
|
|
|a (CaSfKAN)kan1116099
|
| 040 |
|
|
|a UtOrBLW
|b eng
|e rda
|c UtOrBLW
|d UtOrBLW
|
| 245 |
0 |
0 |
|a To the Land of Bliss /
|c by Wen-jie Qin.
|
| 264 |
|
1 |
|a [San Francisco, California, USA] :
|b Kanopy Streaming,
|c 2014.
|
| 300 |
|
|
|a 1 online resource (1 video file, approximately 47 min.) :
|b digital, .flv file, sound
|
| 336 |
|
|
|a two-dimensional moving image
|b tdi
|2 rdacontent
|
| 337 |
|
|
|a computer
|b c
|2 rdamedia
|
| 338 |
|
|
|a online resource
|b cr
|2 rdacarrier
|
| 344 |
|
|
|a digital
|
| 347 |
|
|
|a video file
|b MPEG-4
|b Flash
|
| 490 |
0 |
|
|a Ethnographic Video Online, Volume 1
|
| 500 |
|
|
|a Title from title frames.
|
| 518 |
|
|
|a Originally produced by Documentary Educational Resources in 2001.
|
| 520 |
3 |
|
|a To the Land of Bliss is an intimate portrayal of the Chinese Pure Land Buddhist way of dying and living. In 1998, the filmmaker/anthropologist Wen-jie Qin returned to her home region in Sichuan Province in southwest China to research the post-Mao revival of Buddhism.
|
| 538 |
|
|
|a Mode of access: World Wide Web.
|
| 546 |
|
|
|a In English.
|
| 650 |
0 |
4 |
|a Chinese.
|
| 650 |
|
4 |
|a Afterlife.
|
| 650 |
|
4 |
|a Religious beliefs.
|
| 650 |
|
4 |
|a Funerals.
|
| 650 |
|
4 |
|a Religious rites and ceremonies.
|
| 650 |
|
4 |
|a Buddhism.
|
| 655 |
|
7 |
|a Internet videos.
|2 lcgft
|0 http://id.loc.gov/authorities/genreForms/gf2011026337
|
| 655 |
|
7 |
|a Nonfiction films.
|2 lcgft
|0 http://id.loc.gov/authorities/genreForms/gf2011026423
|
| 700 |
1 |
|
|a Qin, Wen-jie,
|e author,
|e film director.
|0 http://id.loc.gov/authorities/names/no2005035116
|
| 710 |
2 |
|
|a Kanopy (Firm)
|0 http://id.loc.gov/authorities/names/no2014091415
|
| 773 |
0 |
|
|d Watertown, MA : Documentary Educational Resources (DER), 2002
|
| 856 |
4 |
0 |
|u http://proxy.library.tamu.edu/login?url=https://texasam.kanopystreaming.com/node/116100
|z Connect to this streaming video
|t 0
|
| 999 |
f |
f |
|s edc0dd30-dad2-315a-8ba1-98ae31b6f764
|i ac7f8b31-21b0-3fe9-ac5c-ddaa8963961e
|t 0
|
| 952 |
f |
f |
|a Texas A&M University
|b College Station
|c Electronic Resources
|s www_evans
|d Available Online
|t 0
|h No information provided
|
| 998 |
f |
f |
|t 0
|l Available Online
|